Регионална библиотека "Любен Каравелов" - Русе

Провеждане и диагностика на обучението в класната стая (Запис номер 77260)

MARC детайли
000 -Лидер
Контролно поле с фиксирана дължина 01786nam a2200409 c 4500
003 - Код на организацията, давaща контролен номер
Контролно поле BLK
005 - Дата и час на последна редакция
Контролно поле 20250417135548.0
008 - Елементи от данни с фиксирана дължина
fixed length control field 180408b bul|||||r ||||||| ||bul||
010 ## - Наследен системен номер
LC control number KNG00081712000
020 ## - Международен стандартен номер на книга ISBN
Международен стандартен номер на книга ISBN 978-954-383-006-0
-- издат.: АСКОНИ-ИЗДАТ
040 ## - Източник на каталожния запис
Идентификатор на билиотеката - собственик на записа BLK
041 ## - Код за език
Код за езика на текст/звукозапис или на отделно заглавие Български
Код за езика КДБФ Български
080 ## - УДК
Текстов определител УДК Методи и форми на обучение. Вж и 371.64/.69
УДК код - определител по УДК 371.3
УДК определител
УДК - код + определител 371.3
080 ## - УДК
Текстов определител УДК Изпити. Ценз. Състезания, конкурси
УДК код - определител по УДК 371.27
УДК определител
УДК - код + определител 371.27
100 1# - Редна дума - Автор
Автор Герджикова, Нина Димитрова
Авторска отговорност първи автор
R(LIN) 272791
139 ## - Редно поле
Редна дума Герджикова, Нина Димитрова
Авторски знак Гер - Г 38
245 10 - Сведения за заглавието
Заглавие Провеждане и диагностика на обучението в класната стая
Редно поле (дума) Нина Димитрова Герджикова.
257 ## - Страна на издаване
Страна на създаване/издаване България
260 ## - Област на издателските данни
-- София
Име на издателя, разпространителя и проч. АСКОНИ-ИЗДАТ
Година на издаване 2007
300 ## - Физическа характеристика
Страници 258 с.
Илюстрации и др. с табл.
Размери/Мащаб 20 см
380 ## - Жанр
Жанр Обществени науки
500 ## - Общи забележки
Забележка Офс. изд. - Библиогр. след отд. гл.
504 ## - Забележка за наличие на библиография и др
Забележка за наличие на библиография и под. след отд. гл.
650 #4 - Допълнително описание по предмет – тема
Основно описание – тема или топоним Обучение - методи и форми
9 (RLIN) 268175
650 #4 - Допълнително описание по предмет – тема
Основно описание – тема или топоним Учебен процес - в училищата - методология
9 (RLIN) 272683
650 #4 - Допълнително описание по предмет – тема
Основно описание – тема или топоним Учебно-възпитателна работа
9 (RLIN) 246003
650 #4 - Допълнително описание по предмет – тема
Основно описание – тема или топоним Ученици - проверка и оценка на знанията
9 (RLIN) 250126
653 ## - Ключова дума – ненормативна
Ключова дума обучение
653 ## - Ключова дума – ненормативна
Ключова дума ни
653 ## - Ключова дума – ненормативна
Ключова дума учебно-възпитателна работа
852 ## - Местоположение
Форматна сигнатура Цб 238565
856 4# - Електронен адрес и достъп
Електронен формат pdf - файл
Път до файла /url/
856 4# - Електронен адрес и достъп
Електронен формат pdf - файл
Път до файла /url/
942 ## - АРТИКУЛИ
Вид на библиотечния материал Книги
Скрит в OPAC Не
Koha issues (borrowed), all copies 9
944 ## - СЪЗДАВАНЕ И РЕДАКЦИЯ на ЗАПИСА
Създаване/Редакция Създаване
Дата на регистрацията/редакция 22.02.2008
Служител, извършил регистрацията/редакцията 30542
Статус, дата на статуса Русанова Ирена
944 ## - СЪЗДАВАНЕ И РЕДАКЦИЯ на ЗАПИСА
Създаване/Редакция Редакция
Дата на регистрацията/редакция 10.11.2017
Служител, извършил регистрацията/редакцията Виолета_Тройчева
999 ## - СИСТЕМНИ КОНТРОЛНИ НОМЕРА
Koha biblionumber 77260
Koha biblioitemnumber 77260
Наличности
Код за отписване Код за изгубен артикул Код за повреда Коз за рестрикции Код за отдаване Артикулен № Име на библиотеката - собственик Име на библиотеката, в която се намира в момента Статус (Текущо местоположение) Дата на вписване в системата Местоположение - отдел Цена в лева Инвентарен номер Систематично азбучна сигнатура Баркод Номер на екземпляра Цена в евро Служебна бележка Служебен тип на артикула Източник на класификационната схема
  Не е изгубен Не е повреден без рестрикции ползва се в читалня 125240 Регионална библиотека "Любен Каравелов" Русе Регионална библиотека "Любен Каравелов" Русе Хранилище 2008-02-22 Хранилище 0.00 120000723784 Цб 238565 120000723784 1 0.00 Дост: Dp Вид: Д N: 49 Дата: 15.11.2007 Книги  
  Не е изгубен Не е повреден без рестрикции заемане за дома 125241 Регионална библиотека "Любен Каравелов" Русе Регионална библиотека "Любен Каравелов" Русе Заемна - подръчен фонд 2008-03-25 Заемна - подръчен фонд 10.00 120000724824 37.091.3/ФГ 38 Н 120000724824 2 5.11 Дост: Pk Вид: Ф N: 1730 Дата: 22.03.2008 Дата инв: 08.02.2018 Бележки инв: П2018 Книги Universal Decimal Classification
Vip Innovations Ltd, Rousse, Bulgaria 2025